000 00617nam a2200217 i 4500
001 bg
100 1 _aSEIWERT, Lothar J.
245 1 0 _aZarządzanie czasem :
_bbądź panem własnego czasu /
_cLothar J. Seiwert.
260 _aWarszawa :
_b"Placet",
_c1998.
300 _a317, [2] s. ;
_c24 cm.
500 _aU dołu okł. podtyt.: planowanie kariery, organizacja czasu.
650 9 _aCzas pracy
_xorganizacja
655 _aPoradniki
020 _a8385428305
040 _cBPK
041 1 _apl
_hde
080 _a331.31
920 _a83-85428-30-5
942 _cKS
008 s pl f |000 0 pol
999 _c39391
_d39391
856 _uhttp://koha.tu.koszalin.pl/cgi-bin/koha/opac-detail.pl?biblionumber=39391
_yKatalog online BPK